000 00332nam a22001337a 4500
008 181101b xxu||||| |||| 00| 0 eng d
020 _a9780534518882
041 _aeng
080 _22nd
_a159.9
100 _a48
101 _aPSI
245 _aGeneralist Practice with Organizations & Communities
_cAshman,K.K.K
942 _2udc
_cBK
999 _c51436
_d51436